| 000 | 02648nam a2200325 4500 | ||
|---|---|---|---|
| 001 | 113487 | ||
| 003 | DR-UNIBE | ||
| 005 | 20250428143945.0 | ||
| 008 | 250424b2024 dr ||||| |||| 00| 0 spa d | ||
| 020 | _a9789945251210 | ||
| 040 |
_aBIBLIOTECA UNIBE _cBIBLIOTECA UNIBE _bspa _erda |
||
| 041 | _aspa | ||
| 082 |
_222 _aR RD 923.75 G377c 2024 |
||
| 100 | 1 | 0 |
_aGerón, Cándido, _d1950- _q(Araújo Gerón, Cándido) _924252 _eautor _ecuidado de la edición |
| 245 | 1 | 0 |
_aCentenario de Gilberto Hernández Ortega : _b1923-2023 / _cCándido Gerón ; cuidado de edición : Cándido Gerón ; diseño general : Alexander Araujo Batista ; colaboradores : Gilberto Hernández hijo y Juan Julio Bodden ; fotografías : Gilberto Hernández hijo y Mariano Hernández. |
| 250 | _aPrimera edición | ||
| 260 |
_aSanto Domingo : _bArchivo General de la Nación (AGN), _c2024 |
||
| 490 |
_aArchivo General de la Nación ; _v527 |
||
| 500 | _aInformación del autor en las solapas. Portada: sin título, óleo sobre lienzo | ||
| 505 | _aIntroducción. Gilberto Hernández Ortega y el paraíso de lo inefable | Artículos. Exposición bienal de las artes plásticas. Manuel Valldeperes | En el Salón de las Bellas Artes de Ciudad Trujillo. Gilberto Hernández Ortega, expone esta vez pinturas. Jacinto Gimbernard (padre) | Hernández Ortega en al Galería Nacional. Manuel Valldeperes | Gilberto Hernández Ortega. Un pintor con ojos de poeta. Antonio Fernández Spencer | Suro y su mensaje pictórico. Antonio Fernández Spencer | Cinco óleos de Hernández Ortega. Jacinto Gimbernard (padre) | Pintor dice que América ha de glorificar sus valores. P. A. Reyes-Vargas | La exposición de G. Hernández Ortega. Freddy Miller | En torno a la pintura de G. Hernández Ortega. Francisco Antonio Cruz | La exposición de G. Hernández Ortega. José Manuel Gómez du-Breil | Gilberto Hernández Ortega. Manuel Valerio | Gilberto Hernández Ortega en la Galería de Bellas Artes. Franklin Mieses Burgos | Homenaje a Hernández Ortega. Freddy Gatón Arce | Biografía | ||
| 600 | 7 |
_2lemb _a Hernández Ortega, Gilberto, _d1924-1979 _9194567 _xBiografías |
|
| 600 | 7 |
_2lemb _a Hernández Ortega, Gilberto, _d1924-1979 _9194567 _xVida y obra |
|
| 650 | 7 |
_2lemb _aPintores dominicanos _xBiografías _9194635 |
|
| 650 | 7 |
_2lemb _aArtistas dominicanos _xBiografías _9194636 |
|
| 700 | 1 | 0 |
_aAraujo Batista, Alexander _9194544 _ediseñador general |
| 700 | 1 | 0 |
_aHernández, Gilberto (hijo) _9194565 _ecolaborador _efotográfo |
| 700 | 1 | 0 |
_a Bodden, Juan Julio _9194566 _ecolaborador |
| 700 | 1 | 0 |
_aHernández, Mariano _920980 _efotógrafo |
| 942 |
_2ddc _cBK |
||
| 999 |
_c113487 _d113487 |
||